Grandes périodes de l'Histoire du Japon - Statistiques

Statistiques générales
  • Ce quiz a été pris 143 fois
  • Le résultat moyen est 6 sur 16
Statistiques - réponses
Dates Période % Correct
1603 - 1868 Époque d'Edo / Période Tokugawa
84%
1861 - 1912 Ère Meiji
69%
794 -1184 Époque de Heian
47%
710 - 794 Époque de Nara
47%
13000 - 400 av. J.-C. Période Jōmon
47%
2019 - Aujourd'hui Ère Reiwa
43%
1926 - 1989 Ère Shōwa
39%
1185 - 1333 Époque de Kamakura
37%
1336 - 1573 Époque de Muromachi
35%
1912 - 1926 Ère Taishō
33%
250 - 538 Période Kofun (Yamato)
33%
400 av. J.-C. - 250 apr. J.-C. Période Yayoi
29%
1989 - 2019 Ère Heisei
29%
538 - 710 Période Asuka (Yamato)
29%
1573 - 1603 Époque Azuchi Momoyama
18%
1333 -1336 Restauration de Kenmu
14%
Aucun quiz correspondant
Distribution des résultats
% des personnes avec chaque résultat
Percentile par nombre de réponses
Votre historique - résultats
Vous n’avez pas pris ce quiz